Statistics for Countries of the World Quiz - Backwards

Click here to take the quiz!

General Stats

  • This quiz has been taken 15 times
  • The average score is 47 of 196

Answers on the Map

Answers color-coded by a green-red scale on the quiz's map according to % correct below.
 

Answer Stats

yrtnuoC% Correct
aissuR
82%
adanaC
55%
aidnI
55%
ijiF
55%
yawroN
55%
ynamreG
55%
ailartsuA
45%
aivtaL
45%
arrodnA
45%
atlaM
45%
dnalecI
45%
ecnarF
45%
lizarB
45%
napaJ
45%
nedewS
45%
niapS
45%
ylatI
45%
aeniuG
36%
ainablA
36%
ainamoR
36%
ainauhtiL
36%
ainotsE
36%
anihC
36%
aomaS
36%
dnalniF
36%
dnaloP
36%
dnalreztiwS
36%
eceerG
36%
elihC
36%
kramneD
36%
lagutroP
36%
lapeN
36%
muigleB
36%
namO
36%
natuhB
36%
ocixeM
36%
ualaP
36%
uruaN
36%
abuC
27%
agnoT
27%
aibreS
27%
aikavolS
27%
ailognoM
27%
ainevolS
27%
airyS
27%
aisenodnI
27%
aisyalaM
27%
aitaorC
27%
aknaL irS
27%
alametauG
27%
amanaP
27%
avodloM
27%
aybiL
27%
ayneK
27%
cilbupeR hcezC
27%
dahC
27%
dnalaeZ weN
27%
dnalerI
27%
eniarkU
27%
ezileB
27%
gruobmexuL
27%
ienurB
27%
ilaM
27%
itabiriK
27%
itiaH
27%
learsI
27%
manteiV
27%
modgniK detinU
27%
naduS
27%
naduS htuoS
27%
narI
27%
natsinahgfA
27%
natsinemkruT
27%
nemeY
27%
nineB
27%
nonabeL
27%
ocanoM
27%
occoroM
27%
ogoT
27%
ohtoseL
27%
oniraM naS
27%
orgenetnoM
27%
ovosoK
27%
qarI
27%
racsagadaM
27%
regiN
27%
sdnalrehteN
27%
soaL
27%
suraleB
27%
tpygE
27%
ulavuT
27%
ureP
27%
utaunaV
27%
yragnuH
27%
ytiC nacitaV
27%
aciamaJ
18%
aciR atsoC
18%
adanerG
18%
adnagU
18%
adnawR
18%
aeroK htuoS
18%
aertirE
18%
aibarA iduaS
18%
aibimaN
18%
aibmaG
18%
aibmaZ
18%
aibmoloC
18%
aidobmaC
18%
aigroeG
18%
ailamoS
18%
ainatiruaM
18%
ainaznaT
18%
ainodecaM htroN
18%
airagluB
18%
airebiL
18%
airegiN
18%
aireglA
18%
aisenorciM fo setatS detaredeF
18%
aisinuT
18%
aleuzeneV
18%
anahG
18%
anawstoB
18%
anayuG
18%
anitnegrA
18%
anivogezreH dna ainsoB
18%
augaraciN
18%
cilbupeR nacinimoD
18%
dnaliahT
18%
edreV epaC
18%
emaniruS
18%
enoeL arreiS
18%
eropagniS
18%
eyikrüT
18%
hsedalgnaB
18%
idnuruB
18%
initawsE
18%
iwalaM
18%
lageneS
18%
nadroJ
18%
najiabrezA
18%
natshkazaK
18%
natsikaP
18%
natsikebzU
18%
natsikijaT
18%
natszygryK
18%
nawiaT
18%
niarhaB
18%
nooremaC
18%
osaF anikruB
18%
ramnayM
18%
rataQ
18%
rodaucE
18%
rodavlaS lE
18%
romiT tsaE
18%
samahaB
18%
sarudnoH
18%
sdnalsI llahsraM
18%
sdnalsI nomoloS
18%
sellehcyeS
18%
senippilihP
18%
setatS detinU
18%
sevidlaM
18%
suitiruaM
18%
surpyC
18%
tiawuK
18%
tsaoC yrovI
18%
uassiB-aeniuG
18%
yaugaraP
18%
yaugurU
18%
acinimoD
9%
acirfA htuoS
9%
adubraB dna augitnA
9%
aeniuG lairotauqE
9%
aeniuG weN aupaP
9%
aeroK htroN
9%
aicuL tniaS
9%
aipoihtE
9%
aiviloB
9%
alognA
9%
cilbupeR nacirfA lartneC
9%
epicnírP dna émoT oãS
9%
euqibmazoM
9%
ewbabmiZ
9%
nobaG
9%
ogaboT dna dadinirT
9%
ognoC eht fo cilbupeR
9%
ognoC eht fo cilbupeR citarcomeD
9%
setarimE barA detinU
9%
siveN dna sttiK tniaS
9%
sodabraB
9%
soromoC
9%
airstuA
0%
iainemrA
0%
ituoijD
0%
nietsnethceiL
0%
senidanerG eht dna tencniV tniaS
0%

Score Distribution

Percentile by Number Answered

Percent of People with Each Score

Your Score History

You have not taken this quiz